| 000 | nam a22 a 4500 | ||
|---|---|---|---|
| 999 |
_c1052 _d1052 |
||
| 003 | AKMAL | ||
| 005 | 20170508114144.0 | ||
| 008 | 1 s20002001my 000 may d | ||
| 020 |
_a9830992497 (kkt.) : _cRM12.00 |
||
| 040 | _aAKMAL | ||
| 082 | 0 | 4 | _a297.246 NAI |
| 090 | 0 | 0 |
_a297.246 _bNAI |
| 245 | 0 | 0 |
_aJejak 25 Anbiya' dan Rasul : _bkehidupan dan perjuangan / _c[penyusun] Sayyid Natmullah |
| 260 |
_aKuala Lumpur : _bAl-Hidayah Publishers , _c2000 |
||
| 300 | 0 | 0 |
_axi, 213ms. ; _c21cm. |
| 500 | _aMengandungi ayat-ayat dari Quran | ||
| 500 | _aJudul kulit depan | ||
| 650 | 0 |
_aProphets in the Qur'an _9757 |
|
| 650 | 0 |
_aProphets, Pre-Islamic _91770 |
|
| 650 | 0 |
_aIslam _xHistory _9756 |
|
| 700 | 0 |
_aSayyid Naimullah _92208 |
|
| 740 | 0 | 2 | _aJejak dua puluh lima anbiya' dan rasul : kehidupan dan perjuangan |
| 942 |
_2ddc _cBOOK |
||